<?xml version="1.0" encoding="UTF-8"?>
<marc:record xmlns:marc="http://www.loc.gov/MARC21/slim">
   <marc:leader>00000nam a2200000 a 4500</marc:leader>
   <marc:datafield ind1="0" ind2="0" tag="245">
      <marc:subfield code="a">Slide Quest</marc:subfield>
   </marc:datafield>
   <marc:datafield ind1="1" ind2=" " tag="520">
      <marc:subfield code="a">Bösewichte haben euer wunderbares Königreich erobert und es versinkt im Chaos! Jetzt musst ihr die Welt retten! Helft dem mutigen rollenden Ritter gemeinsam, seinen Weg Burch dieses turbulente Abenteuer zu finden, das mit Fallen und Hindernissen gespickt ist In 20 Levels musst ihr Hindernisse umgehen, den Schurken in das Loch schubsen oder mit Dynamit das Tor zum Ziel aufsprengen. Doch passt auf, Bass der Ritter nicht selbst in ein Loch rollt, dens Bann musst ihr das Level von vorne beginnen.</marc:subfield>
   </marc:datafield>
   <marc:datafield ind1=" " ind2=" " tag="041">
      <marc:subfield code="a">ger</marc:subfield>
   </marc:datafield>
   <marc:datafield ind1=" " ind2=" " tag="338">
      <marc:subfield code="a">Gegenstand</marc:subfield>
   </marc:datafield>
</marc:record>
